000 00941cad a22002295a 4500
001 L149905
008 100514s20120 xxkbdo f s f000 0 eng d
035 _a(Sirsi) u149905
041 0 _aeng
110 2 _aGardiner and Theobald
_bConstruction and Property Consultancy
_95635
245 0 4 _aTender price indicators
_h[electronic resource]
260 _aBirmingham
_bGardiner and Theobald
_c2012
490 0 _aGardiner and Theobald Tender Price Indicators
520 _aQuarterly tender price indicators (TPI) for the UK; predictions for growth; regional tender price annual percentage changes; comparisons. From 2008 to present.
590 _aKA NTK
650 2 4 _aTENDER PRICE INDICATOR
651 4 _aUnited Kingdom
_y
690 _aBUILT ENVIRONMENT-BUILDING COSTS
690 _aProcurement
_96260
856 4 0 _uhttps://www.gardiner.com/media_publications/economics/
_z View the website free of charge at www.gardiner.com
942 _n0
999 _c82317
_d82317